Who are the Scream Killers - Statistics

General Stats
  • This quiz has been taken 53 times
  • The average score is 10 of 12
Answers on the Grid
Answers color-coded by a green-red scale on the quiz's grid according to % correct below.
Billy Loomis
Cotton Weary
Kirby Reed
Stu Macher
Mindy Meeks-Martin
Nancy Loomis
Randy Meeks
Mickey Altieri
Tatum Riley
Tatum Evans
Jill Roberts
Amber Freeman
Olivia Morris
Ethan Landry
Wayne Bailey
Sidney Prescott
Quinn Bailey
Cici Cooper
Richie Kirsch
Gale Weathers
Charlie Walker
Casey Becker
Dewey Riley
Roman Bridger
 
Answer Stats
Answer % Correct
Billy Loomis
100%
Stu Macher
90%
Nancy Loomis
87%
Mickey Altieri
81%
Roman Bridger
81%
Amber Freeman
77%
Jill Roberts
74%
Quinn Bailey
74%
Richie Kirsch
74%
Charlie Walker
71%
Ethan Landry
71%
Wayne Bailey
71%
No matching quizzes found
Score Distribution
Percent of People with Each Score
Percentile by Number Answered
Your Score History
You have not taken this quiz